Allgemeinwissen schwer #1 - Statistiken

Allgemein
  • Dieses Quiz wurde 2.146 mal gespielt
    665 seit der letzten Aktualisierung
  • Das Durchschnittsergebnis liegt bei 3 aus 20
Antwortstatistiken
Hint Antwort % Korrekt
Was ist das kleinste Land der Welt? Vatikanstadt
84%
Was ist das Ergebnis von 6!? 720
47%
Was ist die nächstgelegene Stadt zu New York City, die eine Bevölkerung von über 10 Millionen Einwohner (Metropolregion) hat? Mexiko-Stadt
30%
Welcher Süßstoff wird normalerweise in Diet Coke verwendet? Aspartam
25%
Wer hat den Rubikon überschritten? Julius Caesar
24%
Unter allen Städten der Welt mit einer Bevölkerung von über 1 Million Einwohner (Metropolregion), welche ist die letzte alphabetisch? Zürich
21%
Abgesehen von den Vereinigten Staaten, welches Land hat die größte Anzahl von großen internationalen Schönheitswettbewerben gewonnen? Venezuela
18%
Pi mit den ersten 10 Nachkommastellen 3,1415926535
12%
Wie ist die Einheit für Gleitkomma-Operation (+, −, ×, ∕) pro Sekunde? Flop/s
6%
Wovor hat ein Chorophober Angst? Tanzen
6%
Was ist der Schmelzpunkt von Wasserstoff (In °C)? -259
4%
Jede natürlich Zahl größer gleich 2 besitzt mindestens einen Primteiler
4%
Im welchem Jahr wurde Wasserstoff entdeckt? 1766
3%
In welchem Krieg wurde Washington, D.C. niedergebrannt? Krieg von 1812
3%
Was ist der Siedepunkt von Wasserstoff(In °C)? -253
2%
In welchem Theater wurde Abraham Lincoln erschossen? Ford's Theatre
2%
Welcher Autor von Beat Generation hat "On the Road" geschrieben? Jack Kerouac
2%
Welcher mexikanische General gab Land den Armen und plünderte damit die USA aus? Pancho Villa
2%
Wer segelte auf der Golden Hind um die Welt? Sir Francis Drake
2%
Wie viel RBE hat der Big Airship of Doom in BTD6? 55760
1%
Keine übereinstimmenden Quizze gefunden
Verteilung der Resultate
Anzahl Personen mit jedem Resultat
Perzentil nach korrekt beantworteten Fragen
Ihre Resultats-Entwicklung
Sie haben dieses Quiz seit der letzten Aktualisierung nicht gespielt